00882cam a2200253 a 4500001000700000003000400007005001700011008004100028010001700069020001800086040003000104043001200134050003300146082002000179100002100199245003200220260004700252300002100299650001400320655002600334856007500360856008900435856010400524616790LC 20160314154605.0921002s1993 nyu 000 1 eng  a 92037118  a9780440217466 aDLCcDLCdDLCdOCoLCdDLC an-us-ny00aPS 3569 .T33828b.St813 199300aFIC bSt3v 19931 aSteel, Danielle.10aVanished /cDanielle Steel. aNew York : bDell publications, cc1993.  a391 p. ;c18 cm. 0aFiction.  7aLegal stories.2gsafd413Sample textuhttp://www.loc.gov/catdir/samples/random041/92037118.html423Publisher descriptionuhttp://www.loc.gov/catdir/description/random042/92037118.html423Contributor biographical informationuhttp://www.loc.gov/catdir/enhancements/fy0709/92037118-b.html